000
00323nam a22001457a 4500
008
230322b ||||| |||| 00| 0 eng d
020
_a
1587652021
041
_a
eng
080
_2
VOLUME 1
_a
94
082
_a
94SUP
100
_a
26
101
_a
HISTORI
245
_a
THE FIFTIES IN AMERICA
_c
SUPER.C.J
942
_2
udc
_c
BK
999
_c
59421
_d
59421